000
00282nam a22001217a 4500
003
SGT
020
_a
97815-43344-44-8
100
_a
USMAN, RAGEEB
245
_a
A TEXT BOOK OF INDIAN SYSTEMS OF MEDICINE
260
_a
S, VIKASH
_b
PUNJAB
_c
2020
650
_a
MEDICINE
942
_2
ddc
_c
BK
999
_c
24738
_d
24738